| 000 | 00794nam a2200301Ia 4500 | ||
|---|---|---|---|
| 008 | 170203s9999 xx 000 0 und d | ||
| 020 | _a0-590462849 | ||
| 050 | _aFic | ||
| 050 | _bB924g | ||
| 100 | _aBuckley, Richard. | ||
| 245 | 4 | _aThe greedy python / | |
| 245 | _cRichard Buckley ; illustrated by] Eric Carle | ||
| 260 | _aNew York : | ||
| 260 | _bScholastic, Inc., | ||
| 260 | _c1992 | ||
| 300 | _a21 unnumbered pages : | ||
| 300 | _bcolor illustrations ; | ||
| 300 | _c21 cm | ||
| 500 | _aPreviously published: Natick, MA : Picture Book Studio, ©1985. | ||
| 650 | _aAnimals -- Food -- | ||
| 650 | _aAvarice -- | ||
| 650 | _aGreed. | ||
| 650 | _aPicture books. | ||
| 650 | _aSnakes -- | ||
| 650 | _xFiction. | ||
| 650 | _xFiction. | ||
| 650 | _xFiction. | ||
| 999 |
_c306505 _d306505 |
||